C Countries by Word Length - Statistics

General Stats
  • This quiz has been taken 367 times
  • The average score is 6 of 9
Answer Stats
letters country % Correct
4 Chad, Cuba
96%
5 China, Chile, Congo
86%
8 Cambodia, Cameroon, Colombia
82%
7 Comoros, Croatia
79%
6 Canada, Cyprus
70%
9 Cabo Verde, Costa Rica
51%
22 Central African Republic
51%
13 Czech Republic
44%
11 Côte d'Ivoire
14%
No matching quizzes found
Score Distribution
Percent of People with Each Score
Percentile by Number Answered
Your Score History
You have not taken this quiz